Quantum Mechanics/ (Record no. 754116)
[ view plain ]
| 000 -LEADER | |
|---|---|
| fixed length control field | 00359nam a22001337a 4500 |
| 020 ## - INTERNATIONAL STANDARD BOOK NUMBER | |
| ISBN | 9789388818544 |
| 082 ## - DEWEY DECIMAL CLASSIFICATION NUMBER | |
| Edition number | 5th. |
| Classification number | 530.12 |
| 100 ## - MAIN ENTRY--AUTHOR NAME | |
| Personal name | Thankappan, V. K. |
| 245 ## - TITLE STATEMENT | |
| Title | Quantum Mechanics/ |
| Statement of responsibility, etc | Thankappan, V. K. |
| 260 ## - PUBLICATION, DISTRIBUTION, ETC. (IMPRINT) | |
| Place of publication | New Delhi: |
| Name of publisher | New Age International (P) Limited, |
| Year of publication | 2022. |
| 300 ## - PHYSICAL DESCRIPTION | |
| Number of Pages | xv, 560p. |
| 942 ## - ADDED ENTRY ELEMENTS (KOHA) | |
| Source of classification or shelving scheme | Dewey Decimal Classification |
| Koha item type | Book |
| Withdrawn status | Lost status | Source of classification or shelving scheme | Damaged status | Not for loan | Collection code | Home Library | Current Location | Shelving location | Date acquired | Source of acquisition | Cost, normal purchase price | Full call number | Accession Number | Copy number | Price effective from | Koha item type |
|---|---|---|---|---|---|---|---|---|---|---|---|---|---|---|---|---|
| Dewey Decimal Classification | Text Book | Dept. of Nanoscience and Nanotechnology | Dept. of Nanoscience and Nanotechnology | General Stacks | 05/12/2025 | Modern Book Centre | 550.00 | 530.12 THA/Q | DNT1900 | 1 | 05/12/2025 | Book | ||||
| Dewey Decimal Classification | Text Book | Dept. of Nanoscience and Nanotechnology | Dept. of Nanoscience and Nanotechnology | General Stacks | 05/12/2025 | Modern Book Centre | 550.00 | 530.12 THA/Q | DNT1901 | 2 | 05/12/2025 | Book |
